书目信息 |
| 题名: |
诉讼证据法学
|
|
| 作者: | 宋世杰 著 | |
| 分册: | ||
| 出版信息: | 湖南 中南工业大学出版社 1998.10 |
|
| 页数: | 403页 | |
| 开本: | 32开 | |
| 丛书名: | ||
| 单 册: | ||
| 中图分类: | D925.03 | |
| 科图分类: | ||
| 主题词: | 法律--中国 | |
| 电子资源: | ||
| ISBN: | 7-81061-101-1 | |
| 000 | 00543nam0 2200193 45 | |
| 001 | 0007241518 | |
| 005 | 20000724154836.2 | |
| 010 | @a7-81061-101-1@d17.00元 | |
| 100 | @a20000724d1998 km y0chiy0120 ea | |
| 101 | 0 | @achi |
| 105 | @a z 000yy | |
| 200 | 1 | @a诉讼证据法学@ASu Song Zheng Ju Fa Xue@f宋世杰著@FSong Shi Jie Zhu |
| 210 | @a湖南@c中南工业大学出版社@d1998.10 | |
| 215 | @a403页@d32开 | |
| 606 | 0 | @a法律@x中国 |
| 690 | @aD925.03@v3 | |
| 701 | 0 | @a宋世杰@4著 |
| 801 | @aCN@bPftUser@c20000724 | |
| 905 | @b76473-475@dD925.03@eS357@f3 | |
| 诉讼证据法学/宋世杰著.-湖南:中南工业大学出版社,1998.10 |
| 403页;32开 |
| ISBN 7-81061-101-1:17.00元 |
| ● |
| 相关链接 |
|
|
|
正题名:诉讼证据法学
索取号:D925.03/S357
 
预约/预借
| 序号 | 登录号 | 条形码 | 馆藏地/架位号 | 状态 | 备注 |
| 1 | 76473 | 200764734 | 社科库509/422社科库 38排1列2层/ [索取号:D925.03/S357] | 在馆 | |
| 2 | 76474 | 200764743 | 社科库509/422社科库 38排1列2层/ [索取号:D925.03/S357] | 在馆 | |
| 3 | 76475 | 200764752 | 社科库509/ [索取号:D925.03/S357] |
已借出,限还日期为2037.02.16 借出人:中级法院 |